Cyclisme - Top 30 coureur CLM de la saison 2023(PCS Ranking) - Statistiques

Statistiques générales
  • Ce quiz a été pris 138 fois
  • Le résultat moyen est 21 sur 30
Statistiques - réponses
Rang Nationalité Equipe Coureur % Correct
1 Belgique Soudal Quick Step Remco Evenepoel
99%
2 Italie Ineos Grenadiers Filippo Ganna
97%
10 Belgique Jumbo Visma Wout Van Aert
95%
3 Portugal UAE Team Emirates Joao Almeida
94%
11 Danemark Jumbo Visma Jonas Vingegaard
94%
7 France Soudal Quick Step Rémi Cavagna
94%
9 Suisse Groupama FDJ Stefan Kung
94%
8 Slovénie Jumbo Visma Primoz Roglic
93%
4 Etats Unis UAE Team Emirates Brandon McNulty
88%
5 Royaume Uni Ineos Grenadiers Geraint Thomas
88%
27 Russie Bora Hansgrohe Aleksandr Vlasov
82%
21 Danemark Lidl Trek Mads Pedersen
82%
6 Royaume Uni Ineos Grenadiers Joshua Tarling
80%
13 Espagne UAE Team Emirates Juan Ayuso
76%
18 Danemark Soudal Quick Step Kasper Asgreen
73%
14 Danemark UAE Team Emirates Mikkel Bjerg
71%
22 Suisse EF Education EasyPost Stefan Bissegger
71%
17 Portugal Movistar Team Nelson Oliveira
70%
15 France Groupama FDJ Bruno Armirail
66%
20 Danemark Lidl Trek Mattias Skjelmose
66%
23 Australie UAE Team Emirates Jay Vine
61%
12 Italie Soudal Quick Step Mattia Cattaneo
61%
19 Norvège Jumbo Visma Tobias Foss
61%
16 Etats Unis Ineos Grenadiers Magnus Sheffield
54%
28 Italie Bahrain Victorious Damiano Caruso
48%
30 Belgique Soudal Quick Step Ilan Van Wilder
41%
24 Pays Bas Ineos Grenadiers Thymen Arensman
41%
29 Allemagne Bora Hansgrohe Lennard Kamna
37%
25 Norvège Uno X Pro Cycling Team Soren Waerenskjold
37%
26 Royaume Uni Ineos Grenadiers Tao Geoghegan Hart
25%
Aucun quiz correspondant
Distribution des résultats
% des personnes avec chaque résultat
Percentile par nombre de réponses
Votre historique - résultats
Vous n’avez pas pris ce quiz